C Programming Skills (Record no. 359756)

MARC details
000 -LEADER
fixed length control field 00405 a2200169 4500
005 - DATE AND TIME OF LATEST TRANSACTION
control field 20250508172947.0
008 - FIXED-LENGTH DATA ELEMENTS--GENERAL INFORMATION
fixed length control field 250508b |||||||| |||| 00| 0 eng d
020 ## - INTERNATIONAL STANDARD BOOK NUMBER
International Standard Book Number 9789360533137
041 ## - LANGUAGE CODE
Language code of text/sound track or separate title English
100 ## - MAIN ENTRY--PERSONAL NAME
Author Davenport K.
245 ## - TITLE STATEMENT
Title C Programming Skills
250 ## - EDITION STATEMENT
Edition statement 3rd
260 ## - PUBLICATION, DISTRIBUTION, ETC.
Name of publisher, distributor, etc. Cengage Learning India
Date of publication, distribution, etc. 2015
300 ## - PHYSICAL DESCRIPTION
Extent 315
700 ## - ADDED ENTRY--PERSONAL NAME
Personal name Vine M.
942 ## - ADDED ENTRY ELEMENTS (KOHA)
Koha item type Books
Holdings
Withdrawn status Lost status Source of classification or shelving scheme Damaged status Not for loan Home library Current library Date acquired Vendor Net Price Total Checkouts Total Renewals Full call number Barcode Date last seen Date last checked out Actual Price Bill Date Koha item type
    Dewey Decimal Classification     Cummins College of Engineering for Women Pune Cummins College of Engineering for Women Pune 03/10/2024 87 296.25 4 1 005.13'3 DAV CCEP-BK-67466 24/11/2025 13/11/2025 395.00 03/10/2024 Books
    Dewey Decimal Classification     Cummins College of Engineering for Women Pune Cummins College of Engineering for Women Pune 03/10/2024 87 296.25 7   005.13'3 DAV CCEP-BK-67465 28/11/2025 14/11/2025 395.00 03/10/2024 Books